تقرير عن الاهداف التنموية للالفية على المستوى القطرى : (رقم التسجيلة. 111106)
[ عرض عادي ]
| 000 -LEADER | |
|---|---|
| fixed length control field | 011880000a22002650004500 |
| 003 - CONTROL NUMBER IDENTIFIER | |
| control field | EG-GiCUC |
| 008 - FIXED-LENGTH DATA ELEMENTS--GENERAL INFORMATION | |
| fixed length control field | 081119s2002 ua a g 000 0 ara d |
| 040 ## - CATALOGING SOURCE | |
| Original cataloging agency | EG-GiCUC |
| Language of cataloging | ara |
| Transcribing agency | EG-GiCUC |
| 041 0# - LANGUAGE CODE | |
| Language code of text/sound track or separate title | ara |
| -- | eng |
| 043 ## - GEOGRAPHIC AREA CODE | |
| Geographic area code | f*ua*** |
| 092 04 - LOCALLY ASSIGNED DEWEY CALL NUMBER (OCLC) | |
| Classification number | 361.962 |
| Item number | T175 |
| Edition number | 21 |
| 099 ## - LOCAL FREE-TEXT CALL NUMBER (OCLC) | |
| Classification number | 04 |
| -- | 361.962 T175 |
| 245 00 - TITLE STATEMENT | |
| Title | تقرير عن الاهداف التنموية للالفية على المستوى القطرى : |
| Remainder of title | مصر/ |
| Statement of responsibility, etc. | اعداد مركز دراسات واستشارات الادارة العامة بجامعة القاهرة |
| 246 13 - VARYING FORM OF TITLE | |
| Title proper/short title | Reporting on the millennium development goals at the country level,Egypt |
| 260 ## - PUBLICATION, DISTRIBUTION, ETC. | |
| Place of publication, distribution, etc. | القاهرة: |
| Name of publisher, distributor, etc. | مكتب المنسق المقيم لهيئة الامم المتحدة: |
| Date of publication, distribution, etc. | 2002 |
| 300 ## - PHYSICAL DESCRIPTION | |
| Extent | 44:39ص: |
| Other physical details | ايض؛ |
| Dimensions | 28سم |
| 546 ## - LANGUAGE NOTE | |
| Language note | النص باللغتين العربية و الانجليزية |
| 651 #7 - SUBJECT ADDED ENTRY--GEOGRAPHIC NAME | |
| Geographic name | مصر |
| General subdivision | التنمية الاجتماعية |
| Source of heading or term | qrmak |
| 651 #7 - SUBJECT ADDED ENTRY--GEOGRAPHIC NAME | |
| Geographic name | مصر |
| General subdivision | التنمية الاقتصادية |
| Source of heading or term | qrmak |
| 902 ## - LOCAL DATA ELEMENT B, LDB (RLIN) | |
| No. of Items | 1 |
| 905 ## - LOCAL DATA ELEMENT E, LDE (RLIN) | |
| Cataloger | جيهان |
| Reviser | مراجع |
| 905 ## - LOCAL DATA ELEMENT E, LDE (RLIN) | |
| Cataloger | منى |
| Reviser | مدخل |
| 942 ## - ADDED ENTRY ELEMENTS (KOHA) | |
| Source of classification or shelving scheme | Dewey Decimal Classification |
| Koha item type | Books |
| Source of classification or shelving scheme | Not for loan | Home library | Current library | Date acquired | Full call number | Barcode | Date last seen | Copy number | Koha item type |
|---|---|---|---|---|---|---|---|---|---|
| Dewey Decimal Classification | المكتبة المركزبة الجديدة - جامعة القاهرة | قاعة المكتبات المهداة - الدور الرابع | 11.02.2024 | 361.962 T175 K.B. | 01000103001404000 | 23.06.2024 | C.1 | Books |